000 00750nam a22002297a 4500
005 20140821151715.0
010 _aB-495944 ENG-110110
020 _a9789350481820
_c150.00
035 _aB-495944
035 _aEN-93643
037 _bPrabhat Prakashan/Ven
037 _bDBAD/PUB
082 _a488.1
100 _aBorgohain, Pallavi
245 _aOne word substitution /
_cby Pallavi Borgohain
260 _aNew Delhi
_bPrabhat Books
_c2012
270 _a4/19 Asaf Ali Road,
_bNew Delhi
_e110002
300 _a120p.
_c22cm(Hb)
500 _aIncludes index
942 _2ddc
_cEN
_mBOR
_h488.1
999 _c74094
_d74094